Prótesis parcial removible y sobredentaduras (Registro nro. 6960)

Detalles MARC
000 -Cabecera
Campo de control de longitud fija 01053aam a2200385 4500
005 - Fecha y hora de la última transacción
Campo de control 20260528160430.0
008 - Elementos de longitud fija--Información general
Campo de control de longitud fija 150729b2004 xxu||||| |||| 00| 0 spa d
020 ## - International Standard Book Number
Número Internacional Estándar del Libro (ISBN) 8481746576
041 ## - Idioma
Código de idioma Español
082 ## - Clasificación Decimal Dewey
Número de clasificación 617.692 M258pr
100 ## - Entrada principal--Autor personal
Nombre personal Mallat Desplats, Ernest
9 (RLIN) 21253
100 ## - Entrada principal--Autor personal
Nombre personal Mallat Callís, Ernest
9 (RLIN) 9754
245 ## - Título propiamente dicho
Título Prótesis parcial removible y sobredentaduras
260 ## - Pie de imprenta
Lugar de publicación, distribución, etc. España
260 ## - Pie de imprenta
Nombre del editor, distribuidor, etc. ELSEVIER
260 ## - Pie de imprenta
Fecha de publicación, distribución, etc. 2004
300 ## - Descripción física
Extensión 503 páginas
300 ## - Descripción física
Otras características físicas Fotografías a color
490 ## - Serie
Título de la Serie Mecánica Dental
650 ## - Materia general
Temática (materia general) PRÓTESIS DENTALES
650 ## - Materia general
Temática (materia general) PRÓTESIS PARCIAL REMOVIBLE
650 ## - Materia general
Temática (materia general) SOBREDENTADURAS
650 ## - Materia general
Temática (materia general) CONECTORES MAYORES
650 ## - Materia general
Temática (materia general) GANCHOS
650 ## - Materia general
Temática (materia general) CONECTORES MENORES
650 ## - Materia general
Temática (materia general) RETENEDORES DIRECTOS
650 ## - Materia general
Temática (materia general) RETENEDORES INDIRECTOS
650 ## - Materia general
Temática (materia general) IMPLANTES
650 ## - Materia general
Temática (materia general) PERIODONCIA
650 ## - Materia general
Temática (materia general) PREPARACIÓN DE LA BOCA
650 ## - Materia general
Temática (materia general) CLÍNICA Y LABORATORIO
650 ## - Materia general
Temática (materia general) ARTICULADOR SEMIAJUSTABLE
650 ## - Materia general
Temática (materia general) ARTICULADOR WHIP-MIX
942 ## - Punto de acceso adicional KOHA
Tipo de ítem KOHA Libro
Fuente del sistema de clasificación o colocación Dewey Decimal Classification
Existencias
Signatura completa Código de barras Programa Académico Tipo de ítem
617.692 M258pr 12037 Mecánica Dental Libro
617.692 M258pr 12038 Mecánica Dental Libro
617.692 M258pr 12039 Mecánica Dental Libro